| 000 | 02483nam a22003257a 4500 | ||
|---|---|---|---|
| 999 |
_c63172 _d63172 |
||
| 003 | Ge_BSU | ||
| 005 | 20250617164920.0 | ||
| 008 | 250617s2020 ge ||||| |||| 00| 0 geo d | ||
| 020 | _a9789941139420 | ||
| 041 | _ageo | ||
| 080 | _a338.22(075.8) პ-70 | ||
| 100 |
_aპრაიდი, უილიამ მ. _925442 |
||
| 245 |
_aბიზნესი : _b[სახელმძღვანელო] / _c უილიამ მ. პრაიდი, რობერტ ჯ. ჰიუზი, ჯექ რ. კაპური; მთარგმნელები: დავით სიხარულიძე, თორნიკე ხოშტარია, ნანა მაისურაძე, სალომე ტყებუჩავა; რედაქტორები: ლარისა ყორღანაშვილი, შოთა შაბურიშვილი, ლეილა ქადაგიშვილი; სამეცნიერო რედაქტორი ლეილა ქადაგიშვილი. |
||
| 250 | _aმე-12 გამოცემა. | ||
| 264 |
_aთბილისი : _bთბილისის უნივერსიტეტის გამომცემლობა, _c2020. |
||
| 300 |
_a676 გვ. : _b ილ. ; _c 28 სმ. |
||
| 500 | _aტერმინთა ლექსიკონი: გვ. 651-669. საძიებელი: გვ. 670-674. | ||
| 501 | _aშენიშვნები: გვ. 650. | ||
| 653 | _aბიზნესი | ||
| 700 |
_aჰიუზი, რობერტ ჯ. _eავტორი _925443 |
||
| 700 |
_aკაპური, ჯექ რ. _eავტორი _925444 |
||
| 700 |
_aსიხარულიძე, დავით _eმთარგმნელი _95418 |
||
| 700 |
_aხოშტარია, თორნიკე _eმთარგმნელი _925445 |
||
| 700 |
_aმაისურაძე, ნანა _eმთარგმნელი _9857 |
||
| 700 |
_aტყებუჩავა, სალომე _eმთარგმნელი _925446 |
||
| 700 |
_aყორღანაშვილი, ლარისა _eრედაქტორი _914273 |
||
| 700 |
_aშაბურიშვილი, შოთა _eრედაქტორი _925447 |
||
| 700 |
_aქადაგიშვილი, ლეილა _eსამეცნიერო რედაქტორი _925448 |
||
| 942 |
_2udc _cᲬᲘᲒᲜᲘ |
||